[Event "Motor City Open"]
[Site "Warren, MI"]
[Date "2000.11.25"]
[Round "4"]
[White "Massengale, John"]
[Black "Scott, Steven"]
[Result "1/2-1/2"]
[WhiteElo "1633"]
[BlackElo "1813"]
[PlyCount "129"]
[EventDate "2000.11.24"]

1. Nf3 Nf6 2. d4 d5 3. e3 e6 4. a3 Be7 5. Be2 Nbd7 6. c4 O-O 7. Nbd2 c5 8. b3
b6 9. Bb2 Bb7 10. O-O Rc8 11. dxc5 Nxc5 12. Rc1 Nce4 13. Nxe4 Nxe4 14. cxd5
Qxd5 15. Qxd5 Bxd5 16. b4 Bb7 17. Rfd1 Rxc1 18. Rxc1 Rc8 19. Rxc8+ Bxc8 20. Bd3
Bb7 21. Ne1 Nd6 22. f3 f6 23. e4 e5 24. Nc2 Kf7 25. Kf1 b5 26. Ne3 Bd8 27. Ke2
a6 28. Bb1 Ke6 29. Ba2+ Kd7 30. Bc1 Nc8 31. Bd5 Bxd5 32. Nxd5 Nb6 33. Nxb6+
Bxb6 34. g4 Bd4 35. Kd3 Ba1 36. Kc2 Bd4 37. Bb2 Bb6 38. Kd3 Ke6 39. Ke2 g6 40.
Kd3 f5 41. h3 h5 42. Bc1 Bd4 43. exf5+ gxf5 44. gxh5 Ba1 45. h6 Kf6 46. Ke2 Kg6
47. Kf2 f4 48. Ke2 Kxh6 49. Kd3 Kg5 50. Ke4 Kh4 51. Bd2 Kxh3 52. Be1 Kg2 53.
Bh4 Bb2 54. Bf6 Kf2 55. Bg7 Ke2 56. Bf6 Bxa3 57. Bxe5 Bxb4 58. Kxf4 Bd2+ 59.
Ke4 b4 60. f4 Bxf4 61. Bxf4 a5 62. Kd4 Kd1 63. Kd3 a4 64. Kc4 b3 65. Kc3
1/2-1/2

[Event "Motor City Open"]
[Site "Warren, MI"]
[Date "2000.11.25"]
[Round "5"]
[White "Massengale, John"]
[Black "Ghiata, Gheorghe"]
[Result "1-0"]
[WhiteElo "1633"]
[BlackElo "1842"]
[PlyCount "113"]
[EventDate "2000.11.24"]

1. Nf3 Nf6 2. d4 g6 3. b3 Bg7 4. Bb2 d6 5. e3 O-O 6. Be2 Nbd7 7. O-O c5 8. dxc5
Nxc5 9. c4 b6 10. Nbd2 Bb7 11. Rc1 a5 12. Ne1 Qc7 13. Bf3 Bxf3 14. Ndxf3 Rfe8
15. Nd4 Qb7 16. Nb5 Rac8 17. Nd3 Qe4 18. Nxc5 dxc5 19. Qc2 Qxc2 20. Rxc2 Red8
21. f3 Rd3 22. e4 Ne8 23. Kf2 Rcd8 24. Ke2 Bxb2 25. Rxb2 R8d7 26. Rc2 e6 27.
Nc3 R3d6 28. Rd1 Rxd1 29. Nxd1 Kf8 30. Nc3 Nd6 31. Rd2 Ke7 32. Na4 Nc8 33.
Rxd7+ Kxd7 34. Ke3 Kd6 35. g3 f6 36. f4 f5 37. h3 Ke7 38. g4 Kf6 39. exf5 gxf5
40. Nc3 Nd6 41. Na4 Nc8 42. Kf3 h6 43. h4 fxg4+ 44. Kxg4 Kg6 45. Nc3 h5+ 46.
Kf3 Kf5 47. Ne4 e5 48. Ng3+ Ke6 49. Nxh5 exf4 50. Kxf4 Ne7 51. Kg5 Nf5 52. Nf4+
Ke5 53. h5 a4 54. Nd3+ Ke4 55. Nb2 axb3 56. axb3 Ke5 57. Na4 1-0

[Event "Motor City Open"]
[Site "Warren, MI"]
[Date "2000.11.25"]
[Round "3"]
[White "Marson, Michael"]
[Black "Wilson, Vester"]
[Result "0-1"]
[WhiteElo "1779"]
[BlackElo "2108"]
[PlyCount "53"]
[EventDate "2000.11.24"]

1. d4 d5 2. c4 dxc4 3. Nf3 a6 4. a4 Nc6 5. e3 e5 6. Bxc4 exd4 7. Nxd4 Ne5 8.
Qe2 c5 9. Nc2 Bg4 10. f3 Bxf3 11. Bxf7+ Kxf7 12. O-O Qg5 13. Rxf3+ Nxf3+ 14.
Qxf3+ Nf6 15. Qxb7+ Be7 16. Nc3 Qf5 17. e4 Qe6 18. Bf4 g5 19. Bg3 h5 20. Rf1
Kg6 21. e5 Nd7 22. Nd5 Rhf8 23. Nxe7+ Qxe7 24. Qe4+ Kg7 25. e6 Rfe8 26. Ne3
Qxe6 27. Nf5+ 0-1

[Event "Motor City Open"]
[Site "Warren, MI"]
[Date "2000.11.25"]
[Round "4"]
[White "Johnson, Johnny"]
[Black "Marson, Michael"]
[Result "0-1"]
[WhiteElo "1423"]
[BlackElo "1779"]
[PlyCount "104"]
[EventDate "2000.11.24"]

1. e4 e6 2. c4 c5 3. Nc3 Nc6 4. Nf3 d6 5. b3 Nf6 6. Bd3 g6 7. a3 Bg7 8. Bb2 O-O
9. O-O d5 10. cxd5 exd5 11. exd5 Nxd5 12. Bb1 Nf4 13. Na4 Bxb2 14. Nxb2 Qf6 15.
Qc2 Bg4 16. Ne1 Qg5 17. d3 Nxg2 18. f4 Nxf4 19. Rxf4 Qxf4 20. Ra2 Nd4 21. Qf2
Ne2+ 22. Kf1 Bh3+ 23. Ng2 Qc1+ 24. Qe1 Bxg2+ 25. Kf2 Qxe1+ 26. Kxe1 Nc3 27. Ra1
Rfe8+ 28. Kd2 Nxb1+ 29. Rxb1 Bf3 30. Rf1 Re2+ 31. Kc3 Bd5 32. h4 b5 33. Nd1 a5
34. d4 cxd4+ 35. Kd3 Rh2 36. Rf4 Bxb3 37. Nf2 Rd8 38. Ng4 Rh3+ 39. Ke4 f5+ 40.
Ke5 fxg4 41. Rxg4 Rd5+ 42. Kf4 Bc2 43. Rg3 Rxg3 44. Kxg3 Be4 45. Kf4 Bf5 46. h5
Kf7 47. h6 d3 48. a4 d2 49. axb5 d1=Q 50. b6 Qd2+ 51. Kg3 Rd3+ 52. Kh4 Rh3# 0-1

[Event "Motor City Open"]
[Site "Warren, MI"]
[Date "2000.11.25"]
[Round "4"]
[White "Jarrett, Thomas"]
[Black "Wiener, Jack"]
[Result "1-0"]
[WhiteElo "1045"]
[BlackElo "1292"]
[PlyCount "106"]
[EventDate "2000.11.24"]

1. d4 d5 2. Nf3 Nf6 3. g3 Bf5 4. Bg2 e6 5. O-O Be7 6. Re1 O-O 7. c3 c5 8. Nbd2
c4 9. Ng5 Ng4 10. e4 Bxg5 11. exf5 exf5 12. Bf3 Nf6 13. Nxc4 Bxc1 14. Rxc1 Ne4
15. Nd2 Nd7 16. Bg2 Ndf6 17. f3 Ng5 18. f4 Nge4 19. Bxe4 fxe4 20. Nf1 Re8 21.
b3 Rc8 22. c4 Qa5 23. Rc2 Qd8 24. c5 a5 25. a3 Re6 26. b4 b6 27. f5 Re7 28. c6
b5 29. Rc5 Qb6 30. Qe2 Rxc6 31. Qxb5 Qxb5 32. Rxb5 axb4 33. Rxb4 h5 34. a4 Ra7
35. Ne3 Rc3 36. Rb5 Rxa4 37. Nxd5 Nxd5 38. Rxd5 e3 39. Re5 Rxd4 40. R5xe3 Rc5
41. Re5 Rc2 42. Re8+ Kh7 43. R8e7 Rdd2 44. Rxf7 Rg2+ 45. Kh1 Rxh2+ 46. Kg1
Rcg2+ 47. Kf1 Rxg3 48. f6 Rf3+ 49. Kg1 Rxf6 50. Rxf6 gxf6 51. Kxh2 Kg6 52. Kh3
f5 53. Kh4 Kf6 1-0

[Event "Motor City Open"]
[Site "Warren, MI"]
[Date "2000.11.25"]
[Round "5"]
[White "Jarrett, Thomas"]
[Black "Dolin, Jack"]
[Result "0-1"]
[WhiteElo "1045"]
[BlackElo "1348"]
[PlyCount "54"]
[EventDate "2000.11.24"]

1. d4 d5 2. Nf3 Nf6 3. g3 c5 4. c3 cxd4 5. cxd4 e6 6. Nc3 Bb4 7. Bg2 Nc6 8. O-O
a6 9. a3 Bd6 10. Re1 O-O 11. Nh4 b5 12. e4 dxe4 13. Nxe4 Nxe4 14. Bxe4 Bd7 15.
d5 exd5 16. Bxd5 Qc7 17. Qh5 Rad8 18. Ng6 hxg6 19. Qxg6 Ne7 20. Rxe7 Bxe7 21.
Bh6 Bf6 22. Re1 Bc6 23. Bxf7+ Qxf7 24. Qg4 Qd5 25. f3 Qd4+ 26. Kf1 Qxg4 27.
fxg4 gxh6 0-1

[Event "Motor City Open"]
[Site "Warren, MI"]
[Date "2000.11.25"]
[Round "3"]
[White "Green, Milton"]
[Black "Mohammed, Azziem"]
[Result "0-1"]
[WhiteElo "1197"]
[BlackElo "1730"]
[PlyCount "106"]
[EventDate "2000.11.24"]

1. Nf3 Nf6 2. g3 d5 3. Bg2 Nbd7 4. d4 e6 5. Bg5 Be7 6. c4 c6 7. Nc3 h6 8. Bf4
O-O 9. O-O Re8 10. Qc2 dxc4 11. Rac1 Qa5 12. a3 Nd5 13. Bd2 Qd8 14. e4 Nxc3 15.
Qxc3 b5 16. Bf4 Bb7 17. e5 Nb6 18. Nd2 Nd5 19. Qf3 Nxf4 20. gxf4 Qxd4 21. Rfd1
Qxb2 22. Nxc4 bxc4 23. Rb1 Qxa3 24. Rxb7 c3 25. Qe4 Bc5 26. Qc2 Rac8 27. Rb3
Qa4 28. Qxc3 Bb6 29. Qf3 Red8 30. Rbd3 Bd4 31. Kh1 g6 32. Ra3 Qc2 33. Rad3 c5
34. Qh3 Kg7 35. R1d2 Qc1+ 36. Bf1 Rb8 37. f5 exf5 38. Rd1 Qf4 39. Rf3 Qg4 40.
Qxg4 fxg4 41. Rf6 Bxe5 42. Rxd8 Rxd8 43. Rc6 Rd1 44. Kg2 Rc1 45. Ba6 Rc2 46.
Rc8 Bd4 47. Kg3 h5 48. Rc7 Be5+ 49. Kh4 Bxc7 50. h3 Rxf2 51. Bc8 g3 52. Bb7 Kh6
53. Bg2 g5# 0-1

[Event "Motor City Open"]
[Site "Warren, MI"]
[Date "2000.11.25"]
[Round "4"]
[White "Gadson, Joseph"]
[Black "Sattler, Peter"]
[Result "0-1"]
[WhiteElo "951"]
[BlackElo "1659"]
[PlyCount "57"]
[EventDate "2000.11.24"]

1. e4 c5 2. Nf3 Nc6 3. d4 cxd4 4. Nxd4 Nf6 5. Nc3 d6 6. Be3 e5 7. Nxc6 bxc6 8.
Bc4 Be7 9. Qd2 O-O 10. h3 Nxe4 11. Nxe4 d5 12. Bxd5 cxd5 13. Ng5 d4 14. Qd3
Bxg5 15. Bxg5 Qxg5 16. Qf3 Rb8 17. b3 Bb7 18. Qg3 Qxg3 19. fxg3 Bxg2 20. Rh2
Bf3 21. Kd2 e4 22. Re1 Rfe8 23. c3 dxc3+ 24. Kxc3 Rec8+ 25. Kd2 Rb7 26. Ke3 Rd7
27. Rd2 Rc3+ 28. Kf4 Rxd2 29. a4 0-1

[Event "Motor City Open"]
[Site "Warren, MI"]
[Date "2000.11.25"]
[Round "3"]
[White "Forte, Joe"]
[Black "Yang, Yinghan"]
[Result "1-0"]
[WhiteElo "1885"]
[BlackElo "1579"]
[PlyCount "39"]
[EventDate "2000.11.24"]

1. d4 Nf6 2. c4 e6 3. Nc3 Bb4 4. a3 Bxc3+ 5. bxc3 O-O 6. Nf3 d6 7. Qc2 c5 8. e4
b6 9. e5 dxe5 10. dxe5 Ne8 11. Qe4 Nc7 12. Ng5 g6 13. Nf3 Qd7 14. Bh6 Rd8 15.
Bg5 Rf8 16. Be2 Qc6 17. Qh4 Nd7 18. Be7 Bb7 19. Ng5 h5 20. Bf3 1-0

[Event "Motor City Open"]
[Site "Warren, MI"]
[Date "2000.11.25"]
[Round "3"]
[White "Finegold, Ben"]
[Black "Vandivier, Don"]
[Result "1-0"]
[WhiteElo "2572"]
[BlackElo "1851"]
[PlyCount "55"]
[EventDate "2000.11.24"]

1. Nf3 c5 2. b3 d5 3. Bb2 Nc6 4. e3 Bg4 5. Bb5 a6 6. Bxc6+ bxc6 7. h3 Bxf3 8.
Qxf3 e6 9. d3 Nf6 10. Nd2 Be7 11. g4 h6 12. O-O-O Qd7 13. h4 O-O-O 14. g5 hxg5
15. hxg5 Rxh1 16. Rxh1 Ne8 17. Qxf7 Bxg5 18. Qxd7+ Rxd7 19. Rh8 Rd8 20. Nf3 Bf6
21. Ba3 Be7 22. Rg8 Kc7 23. d4 Kb6 24. dxc5+ Kc7 25. Bb4 Kb7 26. Nd4 e5 27. Nf5
Bf6 28. Rxe8 1-0

[Event "Motor City Open"]
[Site "Warren, MI"]
[Date "2000.11.25"]
[Round "5"]
[White "Finegold, Ben"]
[Black "Brooks, John"]
[Result "1-0"]
[WhiteElo "2572"]
[BlackElo "2230"]
[PlyCount "93"]
[EventDate "2000.11.24"]

1. d4 Nf6 2. c4 e6 3. Nc3 Bb4 4. Qc2 c5 5. dxc5 Na6 6. a3 Bxc3+ 7. Qxc3 Nxc5 8.
b4 Nce4 9. Qd4 Qc7 10. f3 Nd6 11. e4 O-O 12. Bf4 Nb5 13. Qd2 e5 14. Bg3 d5 15.
cxb5 dxe4 16. Rc1 Qe7 17. Qg5 Qe6 18. Bc4 Qb6 19. Bf2 Qd8 20. Ne2 exf3 21. gxf3
h6 22. Qe3 e4 23. Rg1 Kh8 24. Bh4 exf3 25. Rd1 Nd5 26. Qd4 f6 27. Qxd5 Qxd5 28.
Rxd5 fxe2 29. Rc5 Re8 30. Rc7 g5 31. Bf2 Re4 32. Bd3 Rf4 33. Rg3 Bg4 34. Re3
Rd8 35. Ree7 b6 36. Bxe2 Bf5 37. Bg3 Rfd4 38. Rxa7 h5 39. Bf2 R4d6 40. Be3 h4
41. Kf2 g4 42. Bxg4 Bd3 43. a4 f5 44. Bf4 Rg6 45. Be5+ Kg8 46. Rh7 Kf8 47. Rh8+
1-0

[Event "Motor City Open"]
[Site "Warren, MI"]
[Date "2000.11.25"]
[Round "4"]
[White "Dolin, Jack"]
[Black "West, Tony"]
[Result "0-1"]
[WhiteElo "1348"]
[BlackElo "1731"]
[PlyCount "58"]
[EventDate "2000.11.24"]

1. d4 Nf6 2. c4 c5 3. d5 b5 4. b3 g6 5. Bb2 Bg7 6. Nf3 O-O 7. e3 bxc4 8. Bxc4
d6 9. Nbd2 Nbd7 10. O-O Nb6 11. Qc2 Nbxd5 12. e4 Nb4 13. Qd1 e6 14. a3 Nc6 15.
Re1 d5 16. exd5 exd5 17. Bb5 Qb6 18. Bxc6 Qxc6 19. Rc1 Bb7 20. Ne5 Qb6 21. Ndf3
Rac8 22. g4 Qd6 23. g5 Nh5 24. Nc4 Qf4 25. Bxg7 Nxg7 26. Ncd2 Qg4+ 27. Kf1 Ba6+
28. Re2 Rfe8 29. h3 Qxh3+ 0-1

[Event "Motor City Open"]
[Site "Warren, MI"]
[Date "2000.11.25"]
[Round "5"]
[White "Chehayeb, Sal"]
[Black "Davidovich, Manis"]
[Result "1/2-1/2"]
[WhiteElo "1975"]
[BlackElo "1758"]
[PlyCount "111"]
[EventDate "2000.11.24"]

1. e4 c5 2. Nf3 Nc6 3. d4 cxd4 4. Nxd4 g6 {This variation of the Sicilian
Defense is the Accelerated Dragon, characterized by Black omitting both Nf6
and d6 for a while. Black hopes to get in the move d5 in one go, freeing his
game.} 5. Nxc6 {this is playable, but gives White nothing if black counters
properly. Note that black's b-pawn will be moved up a notch in value, becoming
a c-pawn, where it can participate more effectively in the fight for central
control.} bxc6 6. Qd4 Nf6 7. e5 Nd5 8. e6 {A discovered attack on the Rh8 .
Donaldson and Silman, in their book, "Accelerated Dragons," say,"White
continues his macho display, but this only helps Black gain a significant lead
in development."} f6 {"Also good is 8...Nf6." Donaldson.} 9. exd7+ Bxd7 10. Bc4
e5 11. Qd1 {White has managed to inflict a pawn weakness on the opponent in
the form of an isolated c-pawn, but look at the cost in development and center
control. Black has a large advantage.} Be6 12. O-O {Motamedi-Donaldson, 1985,
went 12.Qe2 and Black was better.} Bg7 13. Bb3 O-O 14. Be3 f5 15. Bc5 Rf7 16.
Nd2 e4 17. Nc4 Qg5 18. Kh1 Rd8 19. Qc1 Qh4 20. f4 exf3 21. Rxf3 f4 22. Qe1 Qf6
23. Nd6 Rfd7 24. Ne4 Qxb2 25. Rb1 Qe5 26. Ng5 Bg4 27. Qxe5 Bxe5 28. Rff1 h6 29.
Nf3 {Black has been making some sensible moves, and converted his opening
advantage to a material one - plus one pawn. By 29... Bb7 he would have a good
chance to win the game.} Bxf3 $6 {This suspicious-look ing exchange of a
bishop for a knight gives White the bishop-pair and weakens the light squares.
White is now able to draw the game.} 30. Rxf3 Kg7 31. g3 Nc3 32. Rbf1 Ne4 33.
gxf4 Nxc5 34. fxe5 Nxb3 35. cxb3 Re7 36. Rf6 h5 37. Rg1 Rxe5 38. Rfxg6+ Kf7 39.
Rxc6 Rd2 40. Rc7+ Ke6 41. Rh7 Rxa2 42. Rh6+ (42. Rg6+ Kd5 43. Rd7+ Kc5 44. Rc7+
Kb5 45. Rh7 a5 46. Rh8 Kb4 47. Rb8+ Ka3 48. Kg1) 42... Kd5 43. Rd1+ Kc5 44.
Rc1+ Kb5 45. Rh7 a5 46. Rh8 Kb4 47. Rb8+ Ka3 48. Rb1 Ree2 49. Rb5 Rxh2+ 50. Kg1
Rag2+ 51. Kf1 h4 52. Rxa5+ Kb4 53. Ra4+ Kb5 54. Rxh4 Rf2+ 55. Ke1 Re2+ 56. Kf1
1/2-1/2

[Event "Motor City Open"]
[Site "Warren, MI"]
[Date "2000.11.25"]
[Round "3"]
[White "Bolda, Dan H"]
[Black "Stemmler, Daniel"]
[Result "1-0"]
[WhiteElo "1858"]
[BlackElo "1630"]
[PlyCount "91"]
[EventDate "2000.11.24"]

1. e4 c5 2. Nc3 Nc6 3. Nf3 d6 4. g3 g6 5. Bg2 Bg7 6. O-O Nf6 7. d3 O-O 8. Bd2
Bg4 9. h3 Bd7 10. Qc1 Qc8 11. Kh2 Re8 12. Ne2 Nh5 13. Bc3 Bf8 14. Nf4 Ng7 15.
Nd5 Be6 16. Ng5 Bd7 17. f4 h6 18. Nf3 Ne6 19. Qe3 Ned4 20. Nxd4 cxd4 21. Bxd4
Nxd4 22. Qxd4 Bg7 23. e5 Bc6 24. c4 Kf8 25. Rae1 Bxd5 26. Qxd5 Qc7 27. b3 Rab8
28. Re2 Red8 29. Qe4 Qc5 30. d4 Qa5 31. exd6 exd6 32. Qe7+ Kg8 33. Bd5 Rf8 34.
f5 Rbe8 35. Qxe8 Rxe8 36. Rxe8+ Kh7 37. fxg6+ fxg6 38. Re2 Bxd4 39. Rf7+ Bg7
40. Rxb7 h5 41. b4 Qa4 42. Ree7 Qxa2+ 43. Bg2 Qxc4 44. Rxg7+ Kh6 45. h4 g5 46.
hxg5# 1-0

[Event "Motor City Open"]
[Site "Warren, MI"]
[Date "2000.11.26"]
[Round "6"]
[White "Minskey, Charles"]
[Black "Finegold, Ben"]
[Result "0-1"]
[WhiteElo "1834"]
[BlackElo "2572"]
[PlyCount "42"]
[EventDate "2000.11.24"]

1. f4 e5 2. e4 d5 3. exd5 c6 4. fxe5 Qh4+ 5. g3 Qe4+ 6. Qe2 Qxh1 7. e6 Qxd5 8.
exf7+ Kxf7 9. Nf3 Be7 10. Ne5+ Ke8 11. Nc3 Qe6 12. d4 Nd7 13. Be3 Nxe5 14. dxe5
Nh6 15. O-O-O Nf7 16. Nb5 cxb5 17. Qxb5+ Qc6 18. Qa5 a6 19. Bg2 Qxg2 20. e6
Bxe6 21. Qa4+ Qc6 0-1

[Event "Motor City Open"]
[Site "Warren, MI"]
[Date "2000.11.26"]
[Round "7"]
[White "Marson, Michael"]
[Black "Moroney, Timothy"]
[Result "1-0"]
[WhiteElo "1779"]
[BlackElo "1306"]
[PlyCount "49"]
[EventDate "2000.11.24"]

1. d4 d5 2. c4 e6 3. Nf3 Nf6 4. Nc3 Be7 5. Bg5 O-O 6. e3 b6 7. cxd5 Nxd5 8.
Bxe7 Qxe7 9. Bd3 Bb7 10. Rc1 Nd7 11. Nxd5 Bxd5 12. Rxc7 Qb4+ 13. Qd2 Qxd2+ 14.
Kxd2 Bxf3 15. gxf3 Rfd8 16. Rhc1 e5 17. Be4 Rab8 18. Rxa7 Nc5 19. d5 Nxe4+ 20.
fxe4 g5 21. Rcc7 Rf8 22. Re7 Kg7 23. Rxe5 Kf6 24. Rae7 h5 25. Kd3 1-0

[Event "Motor City Open"]
[Site "Warren, MI"]
[Date "2000.11.26"]
[Round "6"]
[White "Madlock, Cartiear"]
[Black "Wiener, Jack"]
[Result "0-1"]
[WhiteElo "738"]
[BlackElo "1292"]
[PlyCount "48"]
[EventDate "2000.11.24"]

1. d4 d5 2. e3 c6 3. Nf3 Bf5 4. c4 Nf6 5. cxd5 Nxd5 6. Bd2 e6 7. Qb3 Qc7 8. Nc3
Nxc3 9. Bxc3 Be7 10. Bb4 O-O 11. Bc4 c5 12. dxc5 Bxc5 13. Bxc5 Qxc5 14. Qxb7
Nc6 15. Rc1 Bd3 16. Nd2 Rab8 17. Qc7 Rxb2 18. Rd1 Bxc4 19. Rc1 Qb4 20. Rd1 Rd8
21. a3 Qc3 22. Qxc6 Rbxd2 23. Qe8+ Rxe8 24. Rxd2 Rd8 0-1

[Event "Motor City Open"]
[Site "Warren, MI"]
[Date "2000.11.26"]
[Round "7"]
[White "Jointer, William"]
[Black "Saylor, Oliver"]
[Result "0-1"]
[WhiteElo "1648"]
[BlackElo "1198"]
[PlyCount "164"]
[EventDate "2000.11.24"]

1. d4 d5 2. e4 dxe4 3. Nc3 Nf6 4. f3 exf3 5. Nxf3 Bg4 6. Bc4 e6 7. Be3 Bb4 8.
O-O O-O 9. h3 Bh5 10. a3 Be7 11. Qe1 Nc6 12. Rd1 Na5 13. Bd3 b6 14. Rd2 Nb7 15.
Ne5 Nd6 16. Nc6 Qd7 17. Nxe7+ Qxe7 18. Bg5 Nde8 19. Qh4 Bg6 20. Bxg6 fxg6 21.
Rdf2 h6 22. Be3 g5 23. Qg3 Nd6 24. h4 Nde4 25. Nxe4 Nxe4 26. Rxf8+ Rxf8 27.
Rxf8+ Qxf8 28. Qg4 Qf5 29. Qf3 Qxf3 30. gxf3 Ng3 31. hxg5 hxg5 32. Kf2 Nf5 33.
c3 Nxe3 34. Kxe3 Kf7 35. Ke4 Kf6 36. c4 c5 37. d5 exd5+ 38. cxd5 a5 39. a4 g6
40. b3 g4 41. fxg4 g5 42. d6 Ke6 43. d7 Kxd7 44. Kd5 Kc7 45. Ke6 b5 46. Kd5 Kb6
47. Ke5 c4 48. bxc4 bxa4 49. Kd4 a3 50. Kc3 a4 51. Kc2 Kc5 52. Kc3 a2 53. Kb2
Kxc4 54. Kxa2 Kb4 55. Kb2 a3+ 56. Ka2 Ka4 57. Kb1 Kb3 58. Ka1 Kc3 59. Ka2 Kd3
60. Kxa3 Ke4 61. Kb2 Kf4 62. Kc2 Kxg4 63. Kd2 Kg3 64. Ke2 Kg2 65. Ke3 g4 66.
Kf4 g3 67. Kg4 Kf2 68. Kh3 g2 69. Kg4 g1=Q+ 70. Kf4 Qg3+ 71. Ke4 Ke2 72. Kd4
Kd2 73. Ke4 Qg4+ 74. Kd5 Kd3 75. Ke5 Qg5+ 76. Ke6 Kd4 77. Kd6 Qg6+ 78. Ke7 Kd5
79. Kf8 Qh7 80. Ke8 Kd6 81. Kf8 Ke6 82. Ke8 Qe7# 0-1

[Event "Motor City Open"]
[Site "Warren, MI"]
[Date "2000.11.26"]
[Round "6"]
[White "Johnson, Johnny"]
[Black "Finegold, Spencer"]
[Result "1-0"]
[WhiteElo "1423"]
[BlackElo "942"]
[PlyCount "100"]
[EventDate "2000.11.24"]

1. e4 e5 2. c4 Nf6 3. Nc3 Bb4 4. Bd3 O-O 5. Bc2 d6 6. Nge2 Be6 7. d3 Nc6 8. O-O
Ne7 9. Bd2 Ng6 10. b3 Qd7 11. Bg5 Nh5 12. a3 Bxc3 13. Nxc3 Nhf4 14. Kh1 Nxg2
15. Kxg2 Bh3+ 16. Kh1 Bxf1 17. Qxf1 Qg4 18. Qg2 Qxg2+ 19. Kxg2 h6 20. Be3 c6
21. Rg1 a6 22. Ne2 Rad8 23. f4 Rfe8 24. f5 Ne7 25. Kf3 Kh8 26. d4 exd4 27. Bxd4
f6 28. Nf4 c5 29. Bc3 Nc6 30. Ne6 Rd7 31. Rd1 Ne5+ 32. Bxe5 fxe5 33. Nxc5 Rdd8
34. Nxb7 Rd7 35. Nxd6 Red8 36. Nf7+ Rxf7 37. Rxd8+ Kh7 38. Re8 Rd7 39. Ke3 h5
40. Rxe5 Rd6 41. Re6 Rxe6 42. fxe6 Kg6 43. Kd4 Kf6 44. Kd5 Ke7 45. e5 g5 46.
Be4 h4 47. c5 a5 48. c6 Kd8 49. Kd6 g4 50. e7+ Ke8 1-0

[Event "Motor City Open"]
[Site "Warren, MI"]
[Date "2000.11.26"]
[Round "7"]
[White "Finegold, Ben"]
[Black "Seawald, Dennis"]
[Result "1-0"]
[WhiteElo "2572"]
[BlackElo "2187"]
[PlyCount "65"]
[EventDate "2000.11.24"]

1. d4 Nf6 2. c4 e6 3. Nc3 Bb4 4. Qc2 Nc6 5. Nf3 d6 6. Bg5 h6 7. Bd2 O-O 8. a3
Bxc3 9. Bxc3 Qe7 10. e3 a5 11. Be2 a4 12. O-O e5 13. d5 Nb8 14. Nd2 Nbd7 15.
Rae1 b5 16. e4 bxc4 17. Nxc4 Nc5 18. f4 exf4 19. e5 Nfe4 20. Rxf4 Nxc3 21. Qxc3
Bb7 22. Bf3 Rae8 23. Re2 dxe5 24. Rxe5 Qd8 25. Rxe8 Qxe8 26. Ne3 Nd7 27. Re4
Qd8 28. Nf5 Qf6 29. Qxf6 Nxf6 30. Rb4 Ba8 31. Ne7+ Kh7 32. Rxa4 Rb8 33. d6 1-0

[Event "Motor City Open"]
[Site "Warren, MI"]
[Date "2000.11.26"]
[Round "6"]
[White "Davidovich, Manis"]
[Black "Manion, Tom"]
[Result "1-0"]
[WhiteElo "1758"]
[BlackElo "1849"]
[PlyCount "103"]
[EventDate "2000.11.24"]

1. e4 d6 2. d4 Nf6 3. Nc3 g6 4. f4 {Black is playing the Pirc Defense.
American players Anglacize the name by pronouncing it "perk," whereas many
foreign players pronounce it as Vadja Pirc himself did, "pierts." White plays
the Austrian Attack, one of many vicious lines Black must be prepared to face,
and perhaps the most testing.} Bg7 5. Nf3 O-O 6. Be3 {The move 6.Bd3 is more
common, but the text was used by Hungarian superstar Judit Polgar to destroy
Israeli GM Ilya Smirin in the Istanbul Olympiad last year. Looks like being
married has not adversely affected her chess results, as her performance
rating in the Olympiad was well over 2700. The girls are a lot tougher these
days than they were when Fischer (faultily) claimed he could spot any woman in
the world a knight.} Ng4 {Smirin played 6...b6. The text "looks a bit wet, "
as my droll British friends would say.GM John Nunn in his book, "The Pirc
Defense" mentions several alternatives to 6...b6 for Black, but somehow failed
to consider this move 6...Ng4.} 7. Bg1 e5 8. dxe5 dxe5 9. h3 Nh6 10. fxe5 Nc6
11. Be3 Bd7 12. Bf4 {Looks to me that White should prefer 12.Qd2, since moving
the f-pawn forward to give the Nh6 a home allows white to get rid of the e5
pawn and consolodate his material advantage.} Re8 13. Qd2 Nxe5 14. Nxe5 Bxe5
15. Bxh6 Qh4+ 16. Kd1 Bg4+ 17. Kc1 Rad8 18. Bg5 Bxc3 19. Bxh4 $4 {19.bxc3
looks winning, since 19...Rxd2 20.Bxh4 Rd1+ 21.Kb2 leaves black down a piece.}
Bxd2+ 20. Kb1 Bg5 $4 {I guess Black overlooked that after Bxg5 the bishop can
return to stop mate. He should have played 20...g5.} 21. Bxg5 Rd1+ 22. Bc1 Be2
23. Bxe2 Rxh1 24. c3 Rxe4 25. Bf3 Ree1 26. Kc2 {The dust has settled, and we
see that White has two bishops against a rook and pawn. Smart money in such
cases bets on the bishops.} c6 27. b4 h5 28. a4 a6 29. c4 Rhf1 30. b5 cxb5 31.
axb5 a5 32. Bxb7 a4 33. Bd5 a3 34. Kb3 Rxc1 35. Rxc1 Rxc1 36. Kxa3 {White has
given up a bishop to gain two pawns and get out of the pin. His pawns look
very dangerous.} Rb1 37. Ka2 Rb4 38. Ka3 Rb1 39. Ka4 Kf8 40. Ka5 Ke7 41. Kb6
Rd1 42. Kc7 g5 43. b6 {No defenders in front of the goal line; Black is toast.}
g4 44. hxg4 hxg4 45. b7 Rb1 46. b8=Q Rxb8 47. Kxb8 f5 48. c5 f4 49. c6 f3 50.
gxf3 g3 51. f4 g2 52. Bxg2 1-0

[Event "Michigan Action"]
[Site "Detroit, MI"]
[Date "2000.12.16"]
[Round "6.4"]
[White "al-Shareef, Robert"]
[Black "Finegold, Spencer"]
[Result "0-1"]
[WhiteElo "1841"]
[BlackElo "1015"]
[PlyCount "36"]
[EventDate "2000.12.16"]

1. e4 e5 2. Nf3 Nf6 3. Nxe5 d6 4. Nf3 Nxe4 5. d4 Be7 6. Bd3 Nf6 7. O-O O-O 8.
c4 Bg4 9. Nc3 Nc6 10. Be2 d5 11. cxd5 Nxd5 12. Ne5 Bxe2 13. Nxe2 Nxe5 14. dxe5
Nb6 15. b3 Qxd1 16. Rxd1 Rad8 17. Bb2 h6 18. f4 Nd5 {Could not figure game out
after this move.} 0-1